000
00287nam a22001337a 4500
082
_a
920
_b
MOH/S
100
_a
MOHAN,RAVINDRA
245
_a
SWAMI VIVEKANANDA
250
_a
FIRST
260
_a
THRISSUR
_b
H& C PUBLISHING HOUSE
300
_a
88
650
_a
BIOGRAPHY
_z
KERALA
942
_c
BK
999
_c
6281
_d
6281